<?xml version="1.0" encoding="UTF-8"?>
<record
    xmlns:xsi="http://www.w3.org/2001/XMLSchema-instance"
    xsi:schemaLocation="http://www.loc.gov/MARC21/slim http://www.loc.gov/standards/marcxml/schema/MARC21slim.xsd"
    xmlns="http://www.loc.gov/MARC21/slim">

  <leader>01208nam a22002057a 4500</leader>
  <controlfield tag="005">20220601092512.0</controlfield>
  <controlfield tag="008">130611t        mx||||| |||| 00| 0 spa d</controlfield>
  <datafield tag="050" ind1="0" ind2="4">
    <subfield code="a">F1232 </subfield>
    <subfield code="b">H57 1976</subfield>
  </datafield>
  <datafield tag="245" ind1="0" ind2="0">
    <subfield code="a">Historia general de M&#xE9;xico /</subfield>
    <subfield code="c">Daniel Cosio Villegas coord. ... [et al.].</subfield>
  </datafield>
  <datafield tag="250" ind1=" " ind2=" ">
    <subfield code="a">1a ed. </subfield>
  </datafield>
  <datafield tag="260" ind1=" " ind2=" ">
    <subfield code="a">M&#xE9;xico :</subfield>
    <subfield code="b">El Colegio de M&#xE9;xico ;</subfield>
    <subfield code="c">1976</subfield>
  </datafield>
  <datafield tag="300" ind1=" " ind2=" ">
    <subfield code="a">2 v ;</subfield>
    <subfield code="c">21 cm.</subfield>
  </datafield>
  <datafield tag="505" ind1="1" ind2=" ">
    <subfield code="r">Bernardo Garcia mart&#xED;nez; Jos&#xE9; Luis Lorenzo; Ignacio Bernal; Pedro carrasco.</subfield>
    <subfield code="t">V. 1: Consideraciones corogr&#xE1;ficas; Los or&#xED;genes mexicanos; Formaci&#xF3;n y desarrollo de mesoam&#xE9;rica; La sociedad mexicana antes de la conquista.  </subfield>
  </datafield>
  <datafield tag="505" ind1=" " ind2=" ">
    <subfield code="r">Alejandra Moreno Toscano; Andr&#xE9;s Lira y Luis Muro; Enrique Florescano e Isabel Gil S&#xE1;nchez; Luis Villoro; Jorge Alberto Manrique.  </subfield>
    <subfield code="t">v:2 : El siglo de la conquista; El siglo de la integraci&#xF3;n; La &#xE9;poca de las reformas borb&#xF3;nicas y el crecimiento econ&#xF3;mico, 1750-1808; La revoluci&#xF3;n de independencia; del barroco a la ilustraci&#xF3;n.    </subfield>
  </datafield>
  <datafield tag="650" ind1=" " ind2="4">
    <subfield code="a">Historia</subfield>
    <subfield code="z">M&#xE9;xico</subfield>
  </datafield>
  <datafield tag="651" ind1=" " ind2=" ">
    <subfield code="2">LEMB</subfield>
    <subfield code="a">M&#xE9;xico</subfield>
    <subfield code="x">Historia</subfield>
  </datafield>
  <datafield tag="700" ind1="1" ind2=" ">
    <subfield code="a">Cos&#xED;o Villegas, Daniel, </subfield>
    <subfield code="d">[1898-1976]</subfield>
    <subfield code="e">coord.</subfield>
  </datafield>
  <datafield tag="710" ind1="2" ind2=" ">
    <subfield code="a">El Colegio de M&#xE9;xico </subfield>
    <subfield code="b">Centro de Estudios Hist&#xF3;ricos</subfield>
  </datafield>
  <datafield tag="942" ind1=" " ind2=" ">
    <subfield code="2">lcc</subfield>
    <subfield code="c">LIB</subfield>
  </datafield>
  <datafield tag="999" ind1=" " ind2=" ">
    <subfield code="c">162325</subfield>
    <subfield code="d">162323</subfield>
  </datafield>
  <datafield tag="952" ind1=" " ind2=" ">
    <subfield code="1">0</subfield>
    <subfield code="2">lcc</subfield>
    <subfield code="4">0</subfield>
    <subfield code="7">1</subfield>
    <subfield code="a">LIC-020</subfield>
    <subfield code="b">LIC-020</subfield>
    <subfield code="c">FLV</subfield>
    <subfield code="d">2022-02-15</subfield>
    <subfield code="e">DON</subfield>
    <subfield code="f">2a ed. </subfield>
    <subfield code="i">H</subfield>
    <subfield code="k">EH</subfield>
    <subfield code="o">F1232 H57 1976</subfield>
    <subfield code="p">BFF000036705</subfield>
    <subfield code="r">2022-02-15 00:00:00</subfield>
    <subfield code="t">V:2 C:2</subfield>
    <subfield code="v">1.00</subfield>
    <subfield code="y">LIB</subfield>
  </datafield>
  <datafield tag="952" ind1=" " ind2=" ">
    <subfield code="1">0</subfield>
    <subfield code="2">lcc</subfield>
    <subfield code="4">0</subfield>
    <subfield code="7">1</subfield>
    <subfield code="a">LIC-020</subfield>
    <subfield code="b">LIC-020</subfield>
    <subfield code="c">FLV</subfield>
    <subfield code="d">2022-06-01</subfield>
    <subfield code="e">DON</subfield>
    <subfield code="f">1a ed. </subfield>
    <subfield code="i">H</subfield>
    <subfield code="k">EH</subfield>
    <subfield code="l">0</subfield>
    <subfield code="o">F1232 H57 1976</subfield>
    <subfield code="p">BFF000037317</subfield>
    <subfield code="r">2022-06-01 00:00:00</subfield>
    <subfield code="t">V:1 C:1</subfield>
    <subfield code="v">1.00</subfield>
    <subfield code="y">LIB</subfield>
  </datafield>
</record>
